[Event "IECC CL5-2002.14"]
[Site "IECC email"]
[Date "2002.07.17"]
[Round "?"]
[White "Kowalski, Boleslaw"]
[Black "Butcher, Matt"]
[Result "1-0"]
[WhiteElo "1543"]
[BlackElo "1458"]
[PlyCount "21"]
[EventDate "2002.??.??"]
[EventType "tourn (corr)"]
[EventRounds "4"]
[SourceTitle "Corr 2008"]
[Source "ChessBase"]
[SourceDate "2008.06.24"]
[SourceVersion "1"]
[SourceVersionDate "2008.06.24"]
[SourceQuality "1"]

1. e4 e5 2. Nf3 d6 3. d4 f6 4. Bc4 Nc6 5. 0-0 a6 6. dxe5 fxe5 7. Ng5 b5 8. Bxg8 Rxg8 9. Qd5 Bd7 10. Qxg8 h6 11. Qf7# 1-0